[Event "Winnipeg TNT January op"]
[Site "Winnipeg CAN"]
[Date "2012.01.31"]
[Round "4"]
[White "Rutter, Blair"]
[Black "Wolchock, Theo"]
[Result "0-1"]
[WhiteElo "1895"]
[BlackElo "1700"]
[PlyCount "67"]
[GameId "2160767909572902"]
[EventDate "2012.01.10"]
[EventType "swiss"]
[EventRounds "4"]
[EventCountry "CAN"]
[SourceTitle "EXT 2022"]
[Source "ChessBase"]
[SourceDate "2021.10.06"]
[SourceVersion "1"]
[SourceVersionDate "2021.10.06"]
[SourceQuality "1"]

1. c4 c5 2. g3 g6 3. Bg2 Bg7 4. Nc3 Nc6 5. e4 e6 6. Nge2 Nge7 7. d3 d6 8. O-O O-O 9. h3 e5 10. Kh2 f5 11. f4 Be6 12. Be3 Qd7 13. Qd2 a6 14. fxe5 Nxe5 15. Nf4 Rab8 16. Nxe6 Qxe6 17. exf5 Rxf5 18. Rxf5 Qxf5 19. Ne4 Rd8 20. Rf1 Qxf1 21. Qa5 N7c6 22. Qxd8+ Nxd8 23. Bxf1 Nf3+ 24. Kg2 Ne1+ 25. Kf2 Nc2 26. Nxd6 Nxe3 27. Kxe3 Bxb2 28. Bg2 b6 29. a4 Bd4+ 30. Kf4 Nf7 31. Bd5 Be5+ 32. Kf3 Bxd6 33. g4 Kg7 34. h4 0-1

[Event "Winnipeg TNT January op"]
[Site "Winnipeg CAN"]
[Date "2012.01.31"]
[Round "4"]
[White "Trueman, Francis"]
[Black "Reimer, Bruce"]
[Result "0-1"]
[WhiteElo "1523"]
[BlackElo "1537"]
[PlyCount "90"]
[GameId "2160767909572903"]
[EventDate "2012.01.10"]
[EventType "swiss"]
[EventRounds "4"]
[EventCountry "CAN"]
[SourceTitle "EXT 2022"]
[Source "ChessBase"]
[SourceDate "2021.10.06"]
[SourceVersion "1"]
[SourceVersionDate "2021.10.06"]
[SourceQuality "1"]

1. Nf3 d5 2. d3 Nf6 3. Nbd2 g6 4. g3 Bg7 5. Bg2 O-O 6. O-O Nc6 7. Re1 e5 8. e4 Bg4 9. c3 d4 10. Qe2 Qd7 11. c4 Rfe8 12. Nf1 a6 13. h4 Bf8 14. N1h2 Bh5 15. Bg5 Qe6 16. Qd2 Bb4 17. Qc2 Bxe1 18. Rxe1 Nb4 19. Qd2 c5 20. Bxf6 Bxf3 21. Bg5 Bxg2 22. Kxg2 f6 23. Bh6 Nxa2 24. Rg1 Nb4 25. Kh1 Kh8 26. Qe2 Qh3 27. Qf3 Re6 28. Rg2 Nc2 29. Rg1 f5 30. exf5 Qxf5 31. Qxb7 Rg8 32. Nf3 Qh3+ 33. Nh2 Nb4 34. Qe4 Nc6 35. Bg5 Qf5 36. Qe2 Rf8 37. Kg2 e4 38. Re1 Rfe8 39. g4 Qf7 40. Ra1 exd3 41. Qxd3 Re2 42. Qg3 d3 43. Nf3 Qxc4 44. Qc7 Qxg4+ 45. Kh1 Qxf3+ 0-1

[Event "Winnipeg TNT January op"]
[Site "Winnipeg CAN"]
[Date "2012.01.31"]
[Round "4"]
[White "Wasserman, Leor"]
[Black "Cleto, Sam"]
[Result "1-0"]
[WhiteElo "1861"]
[BlackElo "1961"]
[PlyCount "77"]
[GameId "2160767909572904"]
[EventDate "2012.01.10"]
[EventType "swiss"]
[EventRounds "4"]
[EventCountry "CAN"]
[SourceTitle "EXT 2022"]
[Source "ChessBase"]
[SourceDate "2021.10.06"]
[SourceVersion "1"]
[SourceVersionDate "2021.10.06"]
[SourceQuality "1"]

1. e4 c5 2. Nf3 d6 3. d4 cxd4 4. Nxd4 Nf6 5. Nc3 a6 6. Bc4 e6 7. O-O Nc6 8. Be3 Nxd4 9. Qxd4 b5 10. Bb3 Be7 11. Rad1 O-O 12. h3 h6 13. e5 dxe5 14. Qxe5 Qe8 15. Qg3 Kh8 16. Qf3 Bd7 17. Bd4 Bc6 18. Qe3 a5 19. a3 Ra6 20. Ne2 Kh7 21. c3 Nd5 22. Bc2+ g6 23. Qg3 f6 24. Bb3 e5 25. Bxe5 Nb6 26. Bd4 Nc4 27. Bxc4 bxc4 28. Rfe1 Ba4 29. Rc1 Bd6 30. Nf4 Qf7 31. Qe3 Re8 32. Qd2 g5 33. Rxe8 Bxf4 34. Qe2 Bxe8 35. Re1 Ra8 36. Qe4+ Kg7 37. Qxa8 Bd7 38. Bc5 Bd2 39. Re7 1-0

[Event "Winnipeg TNT June op"]
[Site "Winnipeg CAN"]
[Date "2012.06.05"]
[Round "1.4"]
[White "Green, Aaron"]
[Black "Baron, Cody"]
[Result "1-0"]
[WhiteElo "1993"]
[BlackElo "1577"]
[PlyCount "55"]
[GameId "2160767909509181"]
[EventDate "2012.06.05"]
[EventType "swiss"]
[EventRounds "4"]
[EventCountry "CAN"]
[SourceTitle "EXT 2022"]
[Source "ChessBase"]
[SourceDate "2021.10.06"]
[SourceVersion "1"]
[SourceVersionDate "2021.10.06"]
[SourceQuality "1"]

1. e4 e6 2. d4 d5 3. Nc3 Bb4 4. Qf3 dxe4 5. Qxe4 Nf6 6. Qd3 Nc6 7. Nf3 b6 8. a3 Bxc3+ 9. bxc3 Bb7 10. Be2 h6 11. Bd2 Ne7 12. Qb5+ Bc6 13. Qb3 O-O 14. Ne5 Bb7 15. O-O-O Ne4 16. Be1 Nd5 17. Bf3 Ng5 18. c4 Nxf3 19. Qxf3 Qd6 20. cxd5 Bxd5 21. Qg3 c5 22. dxc5 bxc5 23. c4 Rab8 24. cxd5 Qb6 25. Bc3 Rfd8 26. Nd7 Qb1+ 27. Kd2 Qa2+ 28. Ke1 1-0

[Event "Winnipeg TNT June op"]
[Site "Winnipeg CAN"]
[Date "2012.06.05"]
[Round "1.4"]
[White "Kaptsan, Aron"]
[Black "Remillard, John"]
[Result "1-0"]
[WhiteElo "1992"]
[BlackElo "1592"]
[PlyCount "105"]
[GameId "2160767909509182"]
[EventDate "2012.06.05"]
[EventType "swiss"]
[EventRounds "4"]
[EventCountry "CAN"]
[SourceTitle "EXT 2022"]
[Source "ChessBase"]
[SourceDate "2021.10.06"]
[SourceVersion "1"]
[SourceVersionDate "2021.10.06"]
[SourceQuality "1"]

1. d4 Nf6 2. c4 g6 3. Nc3 Bg7 4. e4 O-O 5. g3 d6 6. Nf3 Re8 7. Bg2 e5 8. d5 Nfd7 9. O-O Nb6 10. Qe2 c6 11. dxc6 bxc6 12. Rd1 Ba6 13. b3 d5 14. Qd2 d4 15. Ne2 N8d7 16. Ba3 Nf6 17. Ne1 Nbd7 18. Nd3 Rc8 19. Rac1 c5 20. Rc2 Bb7 21. f3 a5 22. Nec1 Qb6 23. Nf2 h5 24. Ncd3 Kh7 25. Bc1 Ng8 26. Qe1 f6 27. Bd2 Ra8 28. Qe2 Ne7 29. f4 Nc6 30. f5 gxf5 31. Qxh5+ Kg8 32. Qxf5 Nf8 33. Ng4 Ne7 34. Qh5 f5 35. Ngf2 fxe4 36. Bxe4 Bxe4 37. Nxe4 Nd7 38. Bg5 Ng6 39. Rf2 Rf8 40. Rdf1 Rxf2 41. Rxf2 Rf8 42. Rxf8+ Ngxf8 43. Be7 Qc6 44. Qf5 Ne6 45. Bd6 Nef8 46. Nxe5 Nxe5 47. Bxe5 Bxe5 48. Qxe5 Ne6 49. Qd5 Qxd5 50. cxd5 Nc7 51. d6 Ne6 52. d7 Kf7 53. Ng5+ 1-0

[Event "Winnipeg TNT June op"]
[Site "Winnipeg CAN"]
[Date "2012.06.05"]
[Round "1.4"]
[White "Le Dorze, Philippe"]
[Black "Kernetsky, Myron"]
[Result "0-1"]
[WhiteElo "1608"]
[BlackElo "2040"]
[PlyCount "48"]
[GameId "2160767909509183"]
[EventDate "2012.06.05"]
[EventType "swiss"]
[EventRounds "4"]
[EventCountry "CAN"]
[SourceTitle "EXT 2022"]
[Source "ChessBase"]
[SourceDate "2021.10.06"]
[SourceVersion "1"]
[SourceVersionDate "2021.10.06"]
[SourceQuality "1"]

1. c4 c5 2. g3 Nc6 3. Bg2 g6 4. Nf3 Bg7 5. O-O d6 6. Nc3 e6 7. e3 e5 8. Re1 Nge7 9. Nd5 O-O 10. e4 Bg4 11. Ne3 Bd7 12. d3 Rb8 13. h4 h6 14. Nh2 b5 15. b3 Nd4 16. Neg4 Kh7 17. Qd2 Ng8 18. Bb2 f5 19. Bxd4 cxd4 20. exf5 gxf5 21. Qe2 fxg4 22. Nxg4 bxc4 23. bxc4 Nf6 24. Nxf6+ Qxf6 0-1

[Event "Winnipeg TNT June op"]
[Site "Winnipeg CAN"]
[Date "2012.06.05"]
[Round "1.4"]
[White "Leaden, Bruce"]
[Black "Wasserman, Leor"]
[Result "0-1"]
[WhiteElo "1481"]
[BlackElo "2047"]
[PlyCount "52"]
[GameId "2160767909509184"]
[EventDate "2012.06.05"]
[EventType "swiss"]
[EventRounds "4"]
[EventCountry "CAN"]
[SourceTitle "EXT 2022"]
[Source "ChessBase"]
[SourceDate "2021.10.06"]
[SourceVersion "1"]
[SourceVersionDate "2021.10.06"]
[SourceQuality "1"]

1. e4 c5 2. Nc3 Nc6 3. f4 e6 4. Nf3 Nf6 5. Bb5 Be7 6. d3 d5 7. Bxc6+ bxc6 8. O-O O-O 9. Ne5 Qc7 10. Rf3 Rd8 11. Qe1 Ba6 12. Qg3 Qb6 13. Kh1 dxe4 14. Nxe4 Nxe4 15. Qe1 Nf6 16. b3 Bd6 17. Bb2 Bxe5 18. Bxe5 Nd5 19. c4 Ne7 20. Qg3 Ng6 21. Bc3 Qc7 22. h4 Qe7 23. f5 Qxh4+ 24. Qxh4 Nxh4 25. fxe6 Nxf3 26. exf7+ Kxf7 0-1

[Event "Winnipeg TNT June op"]
[Site "Winnipeg CAN"]
[Date "2012.06.05"]
[Round "1.4"]
[White "Ma, Derek"]
[Black "Cleto, Sam"]
[Result "0-1"]
[WhiteElo "1636"]
[BlackElo "1884"]
[PlyCount "80"]
[GameId "2160767909509185"]
[EventDate "2012.06.05"]
[EventType "swiss"]
[EventRounds "4"]
[EventCountry "CAN"]
[SourceTitle "EXT 2022"]
[Source "ChessBase"]
[SourceDate "2021.10.06"]
[SourceVersion "1"]
[SourceVersionDate "2021.10.06"]
[SourceQuality "1"]

1. e4 Nf6 2. Nc3 e5 3. Nf3 d6 4. d3 c6 5. Be2 h6 6. O-O Be7 7. h3 b5 8. a3 a5 9. Be3 Na6 10. b4 a4 11. Nh2 Be6 12. Ng4 Qc8 13. Nxf6+ gxf6 14. Kh2 d5 15. exd5 cxd5 16. Nxb5 d4 17. Bd2 Nc7 18. Nxc7+ Qxc7 19. Bf3 e4+ 20. Kg1 exf3 21. Qxf3 Rd8 22. Bf4 Qd7 23. Qg3 Bd6 24. Qg7 Ke7 25. Bxd6+ Qxd6 26. Qg3 Rhg8 27. Qxd6+ Kxd6 28. Rfe1 Bd5 29. f3 Rg3 30. Kh2 Rdg8 31. Re2 R3g5 32. h4 Rh5 33. Kh3 Re5 34. Rae1 Be6+ 35. Kh2 Rxe2 36. Rxe2 Rc8 37. Re4 Kd5 38. Rf4 f5 39. g4 Ke5 40. Kg3 Rxc2 0-1

[Event "Winnipeg TNT June op"]
[Site "Winnipeg CAN"]
[Date "2012.06.05"]
[Round "1.4"]
[White "Magnusson, Saul"]
[Black "Babb, Jeff"]
[Result "0-1"]
[WhiteElo "1788"]
[BlackElo "2208"]
[PlyCount "86"]
[GameId "2160767909509186"]
[EventDate "2012.06.05"]
[EventType "swiss"]
[EventRounds "4"]
[EventCountry "CAN"]
[SourceTitle "EXT 2022"]
[Source "ChessBase"]
[SourceDate "2021.10.06"]
[SourceVersion "1"]
[SourceVersionDate "2021.10.06"]
[SourceQuality "1"]

1. e4 e5 2. Nf3 Nc6 3. Bc4 Bc5 4. d3 d6 5. h3 Na5 6. Bb3 Nxb3 7. axb3 Nf6 8. Nc3 a6 9. d4 exd4 10. Nxd4 O-O 11. Bg5 h6 12. Bh4 Re8 13. O-O g5 14. Bg3 Nxe4 15. Nxe4 Rxe4 16. c3 Bxd4 17. Qf3 Qe7 18. cxd4 Bd7 19. Rfc1 Bc6 20. Qc3 d5 21. Be5 Re8 22. Ra5 f6 23. f3 Rxe5 24. dxe5 Qxe5 25. Qc2 Qe3+ 26. Kh1 Kg7 27. Raa1 Qe2 28. Qf5 Qxb2 29. Re1 Qc3 30. Rf1 Qxb3 31. Rfe1 Qc3 32. Rf1 Qe5 33. Qg4 Qd6 34. Rfe1 Bd7 35. Qh5 Re7 36. h4 Be8 37. Qg4 Bd7 38. Qh5 Qb4 39. Rxe7+ Qxe7 40. hxg5 hxg5 41. f4 gxf4 42. Qf3 Qe4 43. Qh5 Qh7 0-1

[Event "Winnipeg TNT June op"]
[Site "Winnipeg CAN"]
[Date "2012.06.05"]
[Round "1.4"]
[White "Moncal, Nilo"]
[Black "Wolchock, Theo"]
[Result "1-0"]
[WhiteElo "2097"]
[BlackElo "1749"]
[PlyCount "115"]
[GameId "2160767909509187"]
[EventDate "2012.06.05"]
[EventType "swiss"]
[EventRounds "4"]
[EventCountry "CAN"]
[SourceTitle "EXT 2022"]
[Source "ChessBase"]
[SourceDate "2021.10.06"]
[SourceVersion "1"]
[SourceVersionDate "2021.10.06"]
[SourceQuality "1"]

1. e4 c5 2. Nf3 e6 3. d4 d5 4. exd5 exd5 5. dxc5 Bxc5 6. Nc3 Nf6 7. Bg5 Be6 8. Bd3 Nbd7 9. O-O O-O 10. h3 Re8 11. a3 a6 12. Rc1 Rc8 13. Ne2 b5 14. Ned4 Qb6 15. c3 Ne4 16. Be3 Qb7 17. Re1 Bd6 18. Nxe6 Rxe6 19. Nd4 Ree8 20. Nf5 Bb8 21. Qg4 g6 22. Nh6+ Kg7 23. Bd4+ Be5 24. Nf5+ Kg8 25. Bxe4 dxe4 26. Bxe5 Nxe5 27. Qg3 Nd3 28. Nd6 Qb6 29. Nxc8 Rxc8 30. Rcd1 Nxe1 31. Rxe1 Re8 32. Kf1 Qc6 33. Qe3 Kf8 34. Rd1 Qc4+ 35. Kg1 Qb3 36. Rd2 Qe6 37. Rd4 Qc6 38. Qg5 Qe6 39. Qc5+ Qe7 40. Qxe7+ Rxe7 41. Kf1 e3 42. f4 e2+ 43. Ke1 Kg7 44. Rd6 Re6 45. Rxe6 fxe6 46. Kxe2 Kf6 47. Ke3 e5 48. Ke4 exf4 49. Kxf4 h6 50. b3 Ke6 51. Ke4 Kd6 52. Kd4 a5 53. c4 bxc4 54. bxc4 g5 55. g4 Kc6 56. c5 Kc7 57. a4 Kc6 58. Kc4 1-0

[Event "Winnipeg TNT June op"]
[Site "Winnipeg CAN"]
[Date "2012.06.05"]
[Round "1.4"]
[White "Nikouline, Alexandre"]
[Black "Czarny, Keith"]
[Result "1-0"]
[WhiteElo "2068"]
[BlackElo "1680"]
[PlyCount "23"]
[GameId "2160767909509188"]
[EventDate "2012.06.05"]
[EventType "swiss"]
[EventRounds "4"]
[EventCountry "CAN"]
[SourceTitle "EXT 2022"]
[Source "ChessBase"]
[SourceDate "2021.10.06"]
[SourceVersion "1"]
[SourceVersionDate "2021.10.06"]
[SourceQuality "1"]

1. e4 Nf6 2. e5 Nd5 3. d4 e6 4. Nf3 c5 5. Be2 cxd4 6. Nxd4 Qb6 7. O-O Be7 8. c4 Nb4 9. Nc3 O-O 10. Be3 Bc5 11. Na4 Qc7 12. Nb5 1-0

[Event "Winnipeg TNT June op"]
[Site "Winnipeg CAN"]
[Date "2012.06.12"]
[Round "2.2"]
[White "Wasserman, Leor"]
[Black "Kaptsan, Aron"]
[Result "0-1"]
[WhiteElo "2047"]
[BlackElo "1992"]
[PlyCount "106"]
[GameId "2160767909509190"]
[EventDate "2012.06.05"]
[EventType "swiss"]
[EventRounds "4"]
[EventCountry "CAN"]
[SourceTitle "EXT 2022"]
[Source "ChessBase"]
[SourceDate "2021.10.06"]
[SourceVersion "1"]
[SourceVersionDate "2021.10.06"]
[SourceQuality "1"]

1. e4 e5 2. Nf3 Nc6 3. c3 Nf6 4. d4 d6 5. Be2 exd4 6. cxd4 Be7 7. O-O O-O 8. Nc3 d5 9. e5 Ne4 10. Be3 Nxc3 11. bxc3 f6 12. Qc2 fxe5 13. dxe5 Be6 14. Bd3 h6 15. Bb5 Bg4 16. Qg6 Bf5 17. Qg3 Kh7 18. Rfd1 a6 19. Bc4 Be4 20. Bxd5 Bxd5 21. c4 Nb4 22. cxd5 Nxd5 23. Qg4 c6 24. Nd4 Qc8 25. Ne6 Rf7 26. Qe4+ Kg8 27. Qg6 Nxe3 28. fxe3 Bf6 29. Rd6 Be7 30. Rad1 Bxd6 31. exd6 Qd7 32. Nc5 Qe8 33. Qd3 Rd7 34. Nxd7 Qxd7 35. e4 Re8 36. Re1 b5 37. e5 Re6 38. Qf5 Rxd6 39. e6 Qe7 40. Qe5 Kf8 41. Rf1+ Ke8 42. Qh5+ Kd8 43. Qc5 Qxe6 44. Qb6+ Ke7 45. Qa5 Qe3+ 46. Kh1 Qe2 47. Qc7+ Rd7 48. Qf4 Rd1 49. Qf8+ Kd7 50. Qxg7+ Kc8 51. Qxh6 Kb7 52. Qg7+ Kb6 53. Qa1 Qxf1# 0-1

[Event "Winnipeg TNT June op"]
[Site "Winnipeg CAN"]
[Date "2012.06.12"]
[Round "2.4"]
[White "Avena, Danilo"]
[Black "Nikouline, Alexandre"]
[Result "0-1"]
[WhiteElo "1781"]
[BlackElo "2068"]
[PlyCount "92"]
[GameId "2160767909509191"]
[EventDate "2012.06.05"]
[EventType "swiss"]
[EventRounds "4"]
[EventCountry "CAN"]
[SourceTitle "EXT 2022"]
[Source "ChessBase"]
[SourceDate "2021.10.06"]
[SourceVersion "1"]
[SourceVersionDate "2021.10.06"]
[SourceQuality "1"]

1. b3 Nf6 2. Bb2 e6 3. c4 c5 4. d3 Nc6 5. Nf3 Be7 6. e3 O-O 7. Be2 d5 8. cxd5 Nxd5 9. O-O Bf6 10. Bxf6 Qxf6 11. Nbd2 Nc3 12. Ne4 Nxe4 13. dxe4 b6 14. Qd6 Bb7 15. Qg3 e5 16. Nh4 Ne7 17. Bd3 Rad8 18. Rad1 Rxd3 19. Rxd3 Ba6 20. Rfd1 Bxd3 21. Rxd3 Qe6 22. Nf3 f6 23. h4 Nc6 24. h5 Rd8 25. h6 g6 26. Rxd8+ Nxd8 27. Nh4 Kf7 28. f4 exf4 29. Qxf4 Qe5 30. Qg4 Ne6 31. Qd1 Qc7 32. Nf3 Qd8 33. Qc2 Qd7 34. e5 f5 35. Qc4 Ke7 36. Qh4+ Ke8 37. Qf6 Qe7 38. Qh8+ Nf8 39. Kf2 g5 40. Qg7 g4 41. Ng5 Kd7 42. Kg3 Ne6 43. Nxe6 Kxe6 44. Kf4 Qxg7 45. hxg7 Kf7 46. Kxf5 h5 0-1

[Event "Winnipeg TNT June op"]
[Site "Winnipeg CAN"]
[Date "2012.06.12"]
[Round "2.4"]
[White "Babb, Jeff"]
[Black "Green, Aaron"]
[Result "1/2-1/2"]
[WhiteElo "2208"]
[BlackElo "1993"]
[PlyCount "198"]
[GameId "2160767909509192"]
[EventDate "2012.06.05"]
[EventType "swiss"]
[EventRounds "4"]
[EventCountry "CAN"]
[SourceTitle "EXT 2022"]
[Source "ChessBase"]
[SourceDate "2021.10.06"]
[SourceVersion "1"]
[SourceVersionDate "2021.10.06"]
[SourceQuality "1"]

1. f4 e6 2. Nf3 Nf6 3. b3 b6 4. Bb2 Bb7 5. e3 d5 6. Ne5 Nbd7 7. Bb5 a6 8. Bc6 Bxc6 9. Nxc6 Qc8 10. O-O Qb7 11. Ne5 Bd6 12. Qf3 Rf8 13. Nxd7 Kxd7 14. c4 c6 15. Qg3 Be7 16. Nc3 h5 17. d3 Rg8 18. e4 d4 19. Ne2 c5 20. f5 e5 21. b4 Bd6 22. bxc5 bxc5 23. Rab1 Qc7 24. Qe1 Rab8 25. Nc1 a5 26. Qd1 Rb7 27. Qa4+ Ke7 28. Nb3 Rb4 29. Qxa5 Qxa5 30. Nxa5 Ra4 31. Nb7 Rxa2 32. Nxd6 Kxd6 33. Bc1 Nd7 34. Rf2 Rga8 35. h3 Rxf2 36. Kxf2 Ra2+ 37. Kf3 f6 38. Rb2 Rxb2 39. Bxb2 Ke7 40. Ba3 Kf7 41. g4 hxg4+ 42. Kxg4 Kg8 43. h4 Kf7 44. Kf3 Kf8 45. Ke2 Ke7 46. Kd1 Kd6 47. Kc2 Kc6 48. Kb3 Kb6 49. Bc1 Ka5 50. h5 Nf8 51. Bd2+ Ka6 52. Ka4 Nd7 53. Kb3 Kb6 54. Kc2 Kc6 55. Ba5 Nb6 56. Kb3 Kb7 57. Be1 Nd7 58. Ka4 Ka6 59. Bd2 Nb6+ 60. Kb3 Nd7 61. h6 gxh6 62. Bxh6 Ka5 63. Bd2+ Ka6 64. Kc2 Kb6 65. Kd1 Nb8 66. Be1 Kc6 67. Bh4 Nd7 68. Ke2 Kd6 69. Kf3 Ke7 70. Kg4 Kf7 71. Be1 Nb6 72. Ba5 Na4 73. Kf3 Nc3 74. Bd8 Na2 75. Ba5 Nc1 76. Bb6 Nxd3 77. Ke2 Nb2 78. Bxc5 Nxc4 79. Kd3 Ne3 80. Bb4 Ng4 81. Be1 Ke7 82. Kc4 Ne3+ 83. Kd3 Ng4 84. Kc4 Nh6 85. Bd2 Nf7 86. Bb4+ Kd7 87. Kd3 Nd6 88. Be1 Nb7 89. Bb4 Nd8 90. Be1 Nf7 91. Bb4 Ng5 92. Bd2 Nh3 93. Be1 Nf4+ 94. Kc4 Ng2 95. Bf2 Nf4 96. Be1 Ne2 97. Kd3 Nf4+ 98. Kc4 Kd6 99. Bb4+ Kd7 1/2-1/2

[Event "Winnipeg TNT June op"]
[Site "Winnipeg CAN"]
[Date "2012.06.12"]
[Round "2.4"]
[White "Baron, Cody"]
[Black "Magnusson, Saul"]
[Result "0-1"]
[WhiteElo "1577"]
[BlackElo "1788"]
[PlyCount "88"]
[GameId "2160767909509193"]
[EventDate "2012.06.05"]
[EventType "swiss"]
[EventRounds "4"]
[EventCountry "CAN"]
[SourceTitle "EXT 2022"]
[Source "ChessBase"]
[SourceDate "2021.10.06"]
[SourceVersion "1"]
[SourceVersionDate "2021.10.06"]
[SourceQuality "1"]

1. e4 e6 2. d4 d5 3. Nc3 Bb4 4. e5 b6 5. a3 Bf8 6. f4 Ba6 7. Bxa6 Nxa6 8. Nf3 Nh6 9. Bd2 c5 10. b3 Nf5 11. Ne2 cxd4 12. Nexd4 Nxd4 13. Nxd4 Nc5 14. Bb4 Qd7 15. Bxc5 bxc5 16. Nf3 Qb5 17. Qe2 a6 18. Kf2 Qxe2+ 19. Kxe2 Be7 20. Kd3 O-O 21. g4 f6 22. Raf1 fxe5 23. Nxe5 Bd6 24. a4 g5 25. Nd7 Rf7 26. Ne5 Rxf4 27. Rxf4 gxf4 28. Nf3 e5 29. Ke2 e4 30. Nd2 Ra7 31. h3 h5 32. Rd1 Be5 33. c4 f3+ 34. Kf1 hxg4 35. hxg4 Rh7 36. Nxf3 exf3 37. Rxd5 Bd4 38. Rd8+ Kg7 39. Rd7+ Kg8 40. Rd8+ Kg7 41. Rd7+ Kg6 42. Rxd4 cxd4 43. Kf2 Rf7 44. c5 d3 0-1

[Event "Winnipeg TNT June op"]
[Site "Winnipeg CAN"]
[Date "2012.06.12"]
[Round "2.4"]
[White "Bince, Rolando"]
[Black "Leaden, Bruce"]
[Result "1/2-1/2"]
[WhiteElo "2091"]
[BlackElo "1481"]
[PlyCount "88"]
[GameId "2160767909509194"]
[EventDate "2012.06.05"]
[EventType "swiss"]
[EventRounds "4"]
[EventCountry "CAN"]
[SourceTitle "EXT 2022"]
[Source "ChessBase"]
[SourceDate "2021.10.06"]
[SourceVersion "1"]
[SourceVersionDate "2021.10.06"]
[SourceQuality "1"]

1. Nc3 Nf6 2. Nf3 g6 3. h4 d5 4. d4 Bg7 5. Bg5 Ne4 6. h5 Nxg5 7. Nxg5 e5 8. h6 Bxh6 9. Nxf7 Kxf7 10. Rxh6 Qg5 11. Rh1 e4 12. e3 Bg4 13. Be2 Bxe2 14. Qxe2 Qxg2 15. O-O-O c6 16. Rdg1 Qf3 17. Qf1 Qf6 18. Rg4 Kg7 19. Qh3 h6 20. Rhg1 h5 21. Rf4 Qd6 22. Qf5 Nd7 23. Rxg6+ Qxg6 24. Qxd7+ Kg8 25. Qxb7 Rf8 26. Ne2 Rxf4 27. Nxf4 Qg1+ 28. Kd2 Qxf2+ 29. Kd1 Qxe3 30. Qc8+ Kh7 31. Qf5+ Kg8 32. Qg6+ Kf8 33. Qf6+ Kg8 34. Qg5+ Kf7 35. Qg6+ Kf8 36. Qf6+ Kg8 37. Qd8+ Kh7 38. Qe7+ Kg8 39. Qe8+ Kg7 40. Qe5+ Kg8 41. Qb8+ Kg7 42. Qe5+ Kg8 43. Qg5+ Kf7 44. Qg6+ Kf8 1/2-1/2

[Event "Winnipeg TNT June op"]
[Site "Winnipeg CAN"]
[Date "2012.06.12"]
[Round "2.4"]
[White "Cleto, Sam"]
[Black "Moncal, Nilo"]
[Result "0-1"]
[WhiteElo "1884"]
[BlackElo "2097"]
[PlyCount "60"]
[GameId "2160767909509195"]
[EventDate "2012.06.05"]
[EventType "swiss"]
[EventRounds "4"]
[EventCountry "CAN"]
[SourceTitle "EXT 2022"]
[Source "ChessBase"]
[SourceDate "2021.10.06"]
[SourceVersion "1"]
[SourceVersionDate "2021.10.06"]
[SourceQuality "1"]

1. e4 e6 2. d4 d5 3. Nc3 Nf6 4. e5 Nfd7 5. Nf3 c5 6. Bb5 Qb6 7. O-O cxd4 8. Nxd4 Nc6 9. Bxc6 bxc6 10. Na4 Qa5 11. c4 Nxe5 12. cxd5 cxd5 13. Re1 Ng6 14. Bd2 Qa6 15. b4 Bd7 16. b5 Bxb5 17. Nxb5 Qxb5 18. Nc3 Qd7 19. Qh5 Bb4 20. Re3 O-O 21. Rh3 h6 22. Bxh6 gxh6 23. Qxh6 Rfc8 24. Ne2 Qc7 25. Rb1 Qc2 26. Rhb3 Bf8 27. Qh5 Bg7 28. h4 d4 29. Rb7 d3 30. Qf3 Ne5 0-1

[Event "Winnipeg TNT June op"]
[Site "Winnipeg CAN"]
[Date "2012.06.12"]
[Round "2.4"]
[White "De Groot, Steven"]
[Black "Hemphill, James"]
[Result "1-0"]
[WhiteElo "1890"]
[BlackElo "1711"]
[PlyCount "85"]
[GameId "2160767909509196"]
[EventDate "2012.06.05"]
[EventType "swiss"]
[EventRounds "4"]
[EventCountry "CAN"]

1. c4 c5 2. Nc3 Nc6 3. g3 g6 4. Bg2 Bg7 5. e4 d6 6. Nge2 e6 7. O-O Nge7 8. d3 O-O 9. Be3 Nd4 10. Qd2 Nec6 11. Bh6 Nxe2+ 12. Nxe2 Bxh6 13. Qxh6 Qf6 14. Qd2 Nd4 15. Nxd4 Qxd4 16. Qc3 e5 17. Qxd4 cxd4 18. b4 b6 19. Rfc1 Ba6 20. a4 Rfb8 21. Ra3 Kf8 22. f4 f6 23. h4 Bc8 24. Bf3 h5 25. f5 Kg7 26. g4 hxg4 27. Bxg4 a5 28. Rb3 Rb7 29. Rcb1 Rab8 30. Kf2 axb4 31. Rxb4 Ra8 32. Rg1 gxf5 33. Bxf5+ Kf7 34. Bxc8 Rxc8 35. a5 Ra7 36. axb6 Rb7 37. Ra1 Kg7 38. Kg3 Kh6 39. Kg4 Rg8+ 40. Kf5 Rg3 41. Kxf6 Rgg7 42. Ke6 d5 43. Kxd5 1-0

[Event "Winnipeg TNT June op"]
[Site "Winnipeg CAN"]
[Date "2012.06.12"]
[Round "2.4"]
[White "Kernetsky, Myron"]
[Black "Swift, Ryne"]
[Result "1-0"]
[WhiteElo "2040"]
[BlackElo "1825"]
[PlyCount "65"]
[GameId "2160767909509198"]
[EventDate "2012.06.05"]
[EventType "swiss"]
[EventRounds "4"]
[EventCountry "CAN"]
[SourceTitle "EXT 2022"]
[Source "ChessBase"]
[SourceDate "2021.10.06"]
[SourceVersion "1"]
[SourceVersionDate "2021.10.06"]
[SourceQuality "1"]

1. d4 d5 2. Nf3 Nf6 3. c4 e6 4. Nc3 Be7 5. cxd5 exd5 6. Qc2 O-O 7. Bf4 c6 8. h3 Re8 9. e3 Nbd7 10. Bd3 Nf8 11. O-O Ng6 12. Bh2 Bd6 13. Bxd6 Qxd6 14. a3 Bd7 15. b4 Rac8 16. Rfd1 Qe7 17. Rac1 Red8 18. Qb3 Be6 19. Qb1 Nd7 20. e4 dxe4 21. Nxe4 f6 22. Ng3 Bf7 23. Nf5 Qf8 24. Re1 Re8 25. Qc2 Rxe1+ 26. Rxe1 Nb6 27. Qc5 Re8 28. Rd1 Nf4 29. Bf1 Bd5 30. Nd2 Nc8 31. Ne3 Qf7 32. Nxd5 Qxd5 33. Bc4 1-0

[Event "Winnipeg TNT June op"]
[Site "Winnipeg CAN"]
[Date "2012.06.12"]
[Round "2.4"]
[White "Moleta, Johan Kenneth"]
[Black "Campbell, Gary"]
[Result "1-0"]
[WhiteElo "1817"]
[BlackElo "1720"]
[PlyCount "39"]
[GameId "2160767909509199"]
[EventDate "2012.06.05"]
[EventType "swiss"]
[EventRounds "4"]
[EventCountry "CAN"]
[SourceTitle "EXT 2022"]
[Source "ChessBase"]
[SourceDate "2021.10.06"]
[SourceVersion "1"]
[SourceVersionDate "2021.10.06"]
[SourceQuality "1"]

1. e4 e6 2. d4 d5 3. e5 c5 4. c3 Nc6 5. Ne2 cxd4 6. cxd4 Qb6 7. g3 Nge7 8. Bh3 Nf5 9. Bxf5 exf5 10. Nbc3 Be6 11. Be3 Be7 12. Rb1 O-O 13. Nf4 Rfd8 14. O-O g5 15. Nh5 Rac8 16. Nf6+ Bxf6 17. exf6 f4 18. gxf4 gxf4 19. Qh5 fxe3 20. Qh6 1-0